000 00782cam a2200241 i 4500
001 1777392
003 ARRUPE
005 20141003020006.0
008 770520s1977 ilu b 001 0 eng
010 _a 77078069
020 _a0226458059
040 _aDLC
_cDLC
_dDLC
050 0 0 _aQ175
_b.K954
100 1 _aKuhn, Thomas S.
_93937
245 1 4 _aThe essential tension :
_bselected studies in scientific tradition and change /
_cThomas S. Kuhn.
260 _aChicago :
_bUniversity of Chicago Press,
_c1977.
300 _axxiii, 366 p. ;
_c23 cm.
504 _aIncludes bibliographical references and index.
650 0 _aScience
_xPhilosophy.
_93938
650 0 _aScience
_xHistory.
_93939
906 _a7
_bcbc
_corignew
_d1
_eopcn
_f19
_gy-gencatlg
942 _2lcc
_cMONOGRAPH
_01
999 _c118707
_d118707